Catálogo

LA UNIVERSIDAD LATINOAMERICANA ANTE LOS NUEVOS ESCENARIOS (Registro nro. 14390)

Detalles MARC
000 -LEADER
fixed length control field 00452nam a2200157 a 4500
001 - CONTROL NUMBER
control field 14390
005 - DATE AND TIME OF LATEST TRANSACTION
control field 20180713202855.0
008 - FIXED-LENGTH DATA ELEMENTS--GENERAL INFORMATION
fixed length control field 140415s1995 000 0 spa d
020 ## - INTERNATIONAL STANDARD BOOK NUMBER
International Standard Book Number 9688592072
041 ## - LANGUAGE CODE
Language code of text/sound track or separate title spa
082 ## - DEWEY DECIMAL CLASSIFICATION NUMBER
Classification number 378.48
Item number UNI
245 03 - TITLE STATEMENT
Title LA UNIVERSIDAD LATINOAMERICANA ANTE LOS NUEVOS ESCENARIOS
260 ## - PUBLICATION, DISTRIBUTION, ETC.
Place of publication, distribution, etc. [s.l.] :
Name of publisher, distributor, etc. UDUAL,
Date of publication, distribution, etc. 1995
300 ## - PHYSICAL DESCRIPTION
Extent 504
650 14 - SUBJECT ADDED ENTRY--TOPICAL TERM
Topical term or geographic name entry element EDUCACION
General subdivision TECNOLOGIA
-- UNIVERSIDADES
-- LATINOAMERICA
Existencias
Withdrawn status Lost status Source of classification or shelving scheme Damaged status Not for loan Collection code Home library Current library Shelving location Date acquired Source of acquisition Inventory number Total Checkouts Full call number Barcode Date last seen Price effective from Koha item type
    Dewey Decimal Classification     General Biblioteca Karol Wojtyla Biblioteca Karol Wojtyla Sala general 03/12/2013 Compra 151000000000000000045438   378.48 UNI 31535 05/01/2026 03/12/2013 Libro